Sports Quiz

Random Sports or Baseball Quiz
Score 0/26 Timer 06:00
0 Plays Today
# of Games Player % Correct
8Ken Griffey, Jr.
94.6%
7Barry Bonds
94%
6Barry Bonds
94%
7Jim Thome
73%
6Willie Mays
72.5%
6Lou Gehrig
71.7%
6Giancarlo Stanton
65.1%
6Daniel Murphy
63.2%
6Chris Davis
60.4%
6Roger Maris
59.6%
8Don Mattingly
58.2%
6Reggie Jackson
43.7%
6Matt Carpenter
38%
# of Games Player % Correct
6Paul Goldschmidt
36.8%
6Nolan Arenado
33%
6Travis Hafner
29.7%
6Frank Howard
24.1%
6Ken Williams
20.3%
8Dale Long
14.2%
6Graig Nettles
12.4%
6Morgan Ensberg
11.7%
7Kendrys Morales
11.7%
7Kevin Mench
5.7%
6Roy Sievers
5.3%
6Walker Cooper
2.6%
6George 'High Pockets' Kelly
2.5%

You're not logged in!

Compare scores with friends on all Sporcle quizzes.
OR
Log In

Sporcle TV

Today on Sporcle TV


Watch our educational content, quiz creation guides, and fun videos on Sporcle TV.

Show Comments

Extras

Top Quizzes Today


Score Distribution

Paid Content

Your Account Isn't Verified!

In order to create a playlist on Sporcle, you need to verify the email address you used during registration. Go to your Sporcle Settings to finish the process.

Report this User

Report this user for behavior that violates our Community Guidelines.

Details: